| 000 | 01125cam a2200277 a 4500 | ||
|---|---|---|---|
| 005 | 20131029063930.0 | ||
| 008 | 940505s1994 mdua b 001 0 eng | ||
| 020 | _a0847679454 | ||
| 020 | _a0847679462 | ||
| 041 | 0 | _aeng | |
| 080 | _a327.73 | ||
| 100 | 1 | _aBriggs, Philip J. | |
| 245 | 1 | 0 |
_aMaking American foreign policy : _cPhilip J. Briggs. |
| 250 | _a2nd ed. | ||
| 260 |
_aLanham, Md. : _bRowman & Littlefield, _cc1994. |
||
| 300 |
_axiv, 251 p. : _bill. ; _c24 cm. |
||
| 500 | _aPreface : f. XI - XII | ||
| 504 | _aIncludes bibliographical references (p. 231-243) and index. | ||
| 610 | 1 | 0 |
_aShtetet e Bashkuara _bKongresi _xHisotira _yshek. 20 |
| 650 | 0 |
_aPresidentët _zShtetet e Bashkuara _xHistoria _yshek. 20 |
|
| 651 | 0 |
_aUnited States _xMarrëdhënie ndërkombëtare _y1945-1989. |
|
| 651 | 0 |
_aUnited States _xMarrëdhënie ndërkombëtare _y1989- |
|
| 651 | 0 |
_aUnited States _xAdministrimi i marrëdhënieve ndërkombëtare |
|
| 856 | 4 | 1 |
_3Table of contents _uhttp://www.loc.gov/catdir/toc/fy052/94016780.html |
| 942 |
_2udc _cBK |
||
| 999 |
_c196 _d196 |
||